Statistics for 東京市の警察署(1930年)

Click here to take the quiz!

General Stats

  • This quiz has been taken 19 times
  • The average score is 29 of 74

Answer Stats

所属区警察署名現在% Correct
目黒区目黒警察署
88%
品川警察署
88%
麴町区麹町警察署現存
81%
中野区中野警察署現存
81%
大森区大森警察署
81%
四谷区四谷警察署現存
81%
王子区王子警察署
81%
世田谷区世田谷警察署
75%
渋谷区渋谷警察署
69%
下谷区上野警察署
69%
板橋区板橋警察署
69%
代々木警察署
69%
杉並警察署
69%
葛飾区葛飾警察署
69%
蒲田区蒲田警察署現存
69%
杉並区荻窪警察署
63%
滝野川区滝野川警察署
63%
本郷区駒込警察署
63%
豊島区池袋警察署
63%
高輪警察署
56%
六本木警察署
56%
日暮里警察署荒川警察署
56%
足立区千住警察署
56%
原宿警察署
56%
玉川警察署
50%
丸ノ内警察署
50%
淀橋警察署新宿警察署
50%
大崎警察署
50%
小石川区大塚警察署現存
50%
巣鴨警察署
50%
目白警察署
50%
荏原区荏原警察署
50%
荒川区尾久警察署
44%
三田警察署
44%
品川区大井警察署現存
44%
赤坂区青山警察署赤坂警察署
38%
三河島警察署
38%
南千住警察署現存
38%
京橋区築地警察署現存
38%
向島区吾嬬警察署向島警察署
38%
万世橋警察署
38%
城東区亀戸警察署城東警察署
31%
砂町警察署
31%
江戸川区小松川警察署現存
31%
早稲田警察署
31%
両国警察署
31%
蔵前警察署浅草警察署に統合後再分割
31%
月島警察署
31%
芝区愛宕警察署現存
31%
牛込区神楽坂警察署牛込警察署
31%
富坂警察署
25%
本富士警察署
25%
淀橋区戸塚警察署
19%
東京水上警察署東京湾岸警察署
19%
谷中警察署
19%
日本橋区久松警察署日本橋警察署に統合後再分割
13%
本所区厩橋警察署本所警察署
13%
神田区西神田警察署神田警察署
6%
錦町警察署
6%
堀留警察署日本橋警察署
6%
東調布警察署田園調布警察署
6%
浅草区菊屋橋警察署浅草警察署
6%
日本堤警察署浅草警察署
6%
言問警察署
6%
太平警察署
6%
深川区扇橋警察署深川警察署
6%
平野警察署
0%
表町警察署
0%
麻布区鳥居坂警察署麻布警察署
0%
坂本警察署下谷警察署
0%
象潟警察署浅草警察署
0%
新場橋警察署
0%
寺島警察署
0%
洲崎警察署
0%

Score Distribution

Percentile by Number Answered

Percent of People with Each Score

Your Score History

You have not taken this quiz